ARRUPE JESUIT UNIVERSITY

CORONAVIRUS -STOP THE SPREAD - CLEAN,DISINFECT,COVER

The alphabet of paradise : (Record no. 123358)

MARC details
000 -LEADER
fixed length control field 01489cam a2200301 a 4500
001 - CONTROL NUMBER
control field 12928218
003 - CONTROL NUMBER IDENTIFIER
control field ARRUPE
005 - DATE AND TIME OF LATEST TRANSACTION
control field 20150909151333.0
008 - FIXED-LENGTH DATA ELEMENTS--GENERAL INFORMATION
fixed length control field 020913r20032002vtu b 000 0 eng
010 ## - LIBRARY OF CONGRESS CONTROL NUMBER
LC control number 2002014996
020 ## - INTERNATIONAL STANDARD BOOK NUMBER
International Standard Book Number 1893361802
040 ## - CATALOGING SOURCE
Original cataloging agency DLC
Transcribing agency DLC
Modifying agency DLC
050 00 - LIBRARY OF CONGRESS CALL NUMBER
Classification number BL624
Item number .C6643 2002
082 00 - DEWEY DECIMAL CLASSIFICATION NUMBER
Classification number 291.4/4
Edition number 21
300 ## - PHYSICAL DESCRIPTION
Dimensions 20 cm.
100 1# - MAIN ENTRY--PERSONAL NAME
Personal name Cooper, Howard,
Dates associated with a name 1953-
9 (RLIN) 19688
245 14 - TITLE STATEMENT
Title The alphabet of paradise :
Remainder of title an A--Z of spirituality for everyday life /
Statement of responsibility, etc Howard Cooper.
260 ## - PUBLICATION, DISTRIBUTION, ETC. (IMPRINT)
Place of publication, distribution, etc London
Name of publisher, distributor, etc Darton, Longman and Todd
Date of publication, distribution, etc 2002
300 ## - PHYSICAL DESCRIPTION
Extent viii, 213 p. ;
500 ## - GENERAL NOTE
General note Originally published: Great Britain : Darton, Longman and Todd, 2002.
504 ## - BIBLIOGRAPHY, ETC. NOTE
Bibliography, etc Includes bibliographical references.
505 0# - FORMATTED CONTENTS NOTE
Formatted contents note Awe -- Bodies -- Creativity -- Dreams -- Emotions -- Food -- God -- Humour -- Illness -- Justice -- Kabbalah -- Love -- Money -- Nothingness -- Orifices -- Pleasure -- Quiet -- Relationships -- Sport -- Truth -- Uncertainty -- Vanity -- Work -- Xenophobia -- You -- Zeno's paradox.
650 #0 - SUBJECT ADDED ENTRY--TOPICAL TERM
Topical term or geographic name as entry element Spiritual life.
9 (RLIN) 4105
650 #0 - SUBJECT ADDED ENTRY--TOPICAL TERM
Topical term or geographic name as entry element Spiritual life
General subdivision Judaism.
9 (RLIN) 19689
650 #0 - SUBJECT ADDED ENTRY--TOPICAL TERM
Topical term or geographic name as entry element Self-actualization (Psychology)
General subdivision Religious aspects.
9 (RLIN) 19690
906 ## - LOCAL DATA ELEMENT F, LDF (RLIN)
a 7
b cbc
c orignew
d 1
e ecip
f 20
g y-gencatlg
942 ## - ADDED ENTRY ELEMENTS (KOHA)
Source of classification or shelving scheme Library of Congress Classification
Koha item type Monograph ( Printed materials)
Holdings
Withdrawn status Lost status Source of classification or shelving scheme Damaged status Not for loan Home library Current library Date acquired Total Checkouts Full call number Barcode Date last seen Price effective from Koha item type
    Library of Congress Classification     ARRUPE LIBRARY ARRUPE LIBRARY 09/09/2015   BL624 .C6643 2002 46500005239 01/08/2016 09/09/2015 Monograph ( Printed materials)

 

Arrupe Library. PO Box MP320 Mt Pleasant, Harare, Zimbabwe
263 242 745411|librarian@aju.ac.zw